The birthday party
Uloženo v:
| Hlavní autor: | |
|---|---|
| Médium: | Kniha |
| Jazyk: | angličtina |
| Vydáno: |
Londres
Eyre Metheuen
1965
|
| Edice: | Metheuen Modern Play
|
| Témata: | |
| Tagy: |
Přidat tag
Žádné tagy, Buďte první, kdo vytvoří štítek k tomuto záznamu!
|
MARC
| LEADER | 00000nam a2200000 a 4500 | ||
|---|---|---|---|
| 001 | UCQ3253 | ||
| 003 | CL-VaPUC | ||
| 008 | 980817e19650000UK |||||||||||||||||eng|d | ||
| 082 | 0 | 4 | |a 822 |b PIN |2 21 |
| 100 | 0 | |a Pinter, Harold |e author |9 346667 | |
| 245 | 1 | 4 | |a The birthday party |
| 300 | |a 87 p | ||
| 942 | |c BK | ||
| 945 | |d 19980817 00:00:00 |a crobeson | ||
| 260 | |a Londres |b Eyre Metheuen |c 1965 | ||
| 650 | 0 | |a Dramas ingleses |9 269396 | |
| 650 | 0 | |a Literatura inglesa |9 312907 | |
| 583 | |a last modification |c 19980817 00:00:00 |k Rodrigo Vera | ||
| 490 | 0 | |a Metheuen Modern Play | |
| 999 | |c 273850 |d 273848 | ||
| 952 | |0 0 |1 0 |4 0 |6 822_000000000000000_PIN_1965 |7 0 |8 A |9 309765 |a BIBEDU |b BIBEDU |d 2019-11-20 |i 1454439 |o 822 PIN 1965 |p 1454439 |r 2019-11-20 |w 2019-11-20 |y BK |k LIT | ||